000 00332nam a2200145Ia 4500
005 20240814120832.0
008 240813s9999||||xx |||||||||||||| ||und||
082 _a595.7 TAL
100 _aTalley, Naomi
245 0 _aImported insects
260 _aNew York
_bDial Press
_c1961
300 _a64p
650 _aZoology
942 _cBK
999 _c14389
_d14389